000 00544nam a2200157Ia 4500
008 240126s9999 xx 000 0 und d
022 _a4421-1076
041 _aEnglish
082 _aLIBRARY-XXII
245 0 _aInternational Journal of Multimedia Technology and Applications (2012 -
260 _bGlobal Research Publications
_aNew Delhi
440 _aNULL
650 _aComputer Science, Information Science, Computer Applications
650 _aMultimedia,(2012,-,Computer Science,Information Science,Computer Applications
942 _cJN
999 _c272496
_d272496